000 00490nam a22001817a 4500
001 TVUNI
005 20260126014719.0
008 221111s2017 vm vie d
040 _aTVUNI
_eAACR2
041 0 _avie
100 1 _aNguyễn, Văn Nam
245 1 0 _aGiáo trình thị trường chứng khoán /
_cNguyễn Văn Nam
260 _aHà Nội :
_bTài chính,
_c2017
300 _a309 tr. ;
_c21 cm.
942 _2ddc
_cBK
999 _c3442
_d3442
911 _a1
_bHiển Phạm
912 _a1
_bHiển Phạm